02328cam a22002777i 45000010005000000030006000050050017000110080041000280100017000690200031000860200018001170400023001350500016001580820011001741000041001852450115002262500019003412600040003603000025004003360026004253370028004513380027004795000040005065201479005466500025020256227FISKH20250402104723.0131022s2014 nyu 000 0 eng  a 2013953111 a9781938704017 (alk. paper) a9780975687802 aDLCbengerdacDLC aBJ1611 .W37 a650.1 1 aWattles, W. D.,d1860-1911,eauthor.14aThe science of getting rich :bA simple way to create wealth and happiness in your life /cWallace D. Wattles. aFirst edition. aQueensland : bJoshua Book, c2004. a128 pages : c22 cm  atextbtxt2rdacontent aunmediatedbn2rdamedia avolumebnc2rdacarrier aMinimal Level Cataloging Plus.5DLC aThis edition of Wattles' classic faithfully reproduces the author's complete text as originally published in 1910. A new introduction by popular voice of esoteric ideas Mitch Horowitz contextualizes the historical background of the author and his pioneering publisher Elizabeth Towne. Mitch's Afternotes following each chapter amplify Wattles' methods and provide powerful exercises and insights, including how to remove hidden blocks; experiments in "retro causality;" receiving results through "established channels;" getting in touch with your most authentic desires, and ways to maintain a consistent mindset. Wattles' classic text teaches you: - How ideas shape the physical world. - Why creativity matters more than competition. - Why one passionately felt aim is the foundation of all achievement. - How your mental powers and practical abilities work together. - How to think in a "Certain Way" to guarantee success. - How the formless creative matter of life is acted on by your intelligence. "The law of the Increase of Life," Wattles writes, "is as mathematically certain in its operation as the law of gravitation; getting rich is an exact science." In his brief yet seismically powerful volume, Wattles distills his insights-with the added benefits of the historical background and exercises found in this Maple Spring edition. If you are new to The Science of Getting Rich or if you're revisiting it for a refresher, here is the signature volume to experience. 0aSuccess in business.